[Event "Bundesliga 1516"]
[Site "Germany"]
[Date "2016.02.21"]
[Round "9.8"]
[White "Kempinski, Robert"]
[Black "Grandelius, Nils"]
[Result "1/2-1/2"]
[WhiteElo "2637"]
[BlackElo "2628"]
[PlyCount "60"]
[EventDate "2015.09.18"]
[EventType "team-tourn"]
[EventRounds "15"]
[EventCountry "GER"]
[SourceTitle "CBM 171"]
[Source "ChessBase"]
[SourceDate "2016.03.14"]
[SourceVersion "2"]
[SourceVersionDate "2016.03.14"]
[SourceQuality "1"]
[WhiteTeam "Hamburger SK"]
[BlackTeam "Emsdetten Turm"]
[WhiteTeamCountry "GER"]
[BlackTeamCountry "GER"]

1. d4 Nf6 2. c4 e6 3. Nf3 d5 4. e3 a6 5. Nbd2 c5 6. b3 cxd4 7. exd4 Bb4 8. Bb2 O-O 9. Bd3 dxc4 10. bxc4 b5 11. O-O bxc4 12. Nxc4 Nc6 $146 ({RR} 12... Bb7 13. Nce5 Nbd7 14. Qe2 Nd5 15. Qe4 N7f6 16. Qh4 Be7 17. Rab1 Nb4 18. Bc4 Rc8 19. a3 Bd5 20. Be2 Ne4 21. Qh3 Nc6 22. Bxa6 Rb8 23. Bd3 f5 24. Nxc6 Bxc6 25. Ne5 Bd5 26. a4 Nd2 27. Bb5 {Slovineanu,V (2412)-Alarcon Bahamondes,R (2335) chess.com INT 2024 ½-½ (64)}) ({RR} 12... Bb7 13. Nce5 Nbd7 14. Qe2 Nd5 15. Qe4 N7f6 16. Qh4 Be7 17. Rab1 Nb4 18. Bc4 Rc8 19. a3 Bd5 20. Be2 Ne4 21. Qh3 Nc6 22. Bxa6 Rb8 23. Bd3 f5 24. Nxc6 Bxc6 25. Ne5 Bd5 26. a4 Nd2 27. Bb5 {Slovineanu,V (2412)-Alarcon Bahamondes,R (2335) chess.com INT 2024 ½-½ (64)}) 13. Rb1 Be7 14. Nfe5 Nb4 15. Be2 Bd7 16. Nxd7 Nxd7 17. Bc3 a5 18. Qd2 Nf6 19. Bf3 Nfd5 20. Bxd5 Nxd5 21. Bxa5 Qd7 22. Nb6 Nxb6 23. Bxb6 Qd5 24. Rb2 Ra4 25. Rfb1 h6 26. h3 Rfa8 27. Bc5 Bxc5 28. dxc5 Qxd2 29. Rxd2 Rxa2 30. Rxa2 Rxa2 1/2-1/2

[Event "Moscow Aeroflot op-A 18th"]
[Site "Moscow"]
[Date "2019.02.21"]
[Round "2"]
[White "Donchenko, Alexander"]
[Black "Ganguly, Surya Shekhar"]
[Result "1/2-1/2"]
[WhiteElo "2600"]
[BlackElo "2636"]
[PlyCount "60"]
[EventDate "2019.02.20"]
[EventType "swiss"]
[EventRounds "9"]
[EventCountry "RUS"]
[SourceTitle "CBM 189"]
[Source "ChessBase"]
[SourceDate "2019.04.29"]
[SourceVersion "1"]
[SourceVersionDate "2019.04.29"]
[SourceQuality "1"]

1. Nf3 d5 2. g3 Nf6 3. Bg2 e6 4. O-O Be7 5. c4 O-O 6. d4 dxc4 7. Qc2 c6 8. Qxc4 b5 9. Qc2 Bb7 10. Rd1 Nbd7 11. Nc3 b4 ({RR} 11... Qb6 12. Ne5 Rfd8 13. Be3 Nd5 14. Nxd5 cxd5 15. Rac1 Rac8 16. Qd3 b4 17. Rxc8 Bxc8 18. Qc2 Nxe5 19. dxe5 d4 20. Bxd4 Rxd4 21. Qxc8+ Rd8 22. Rxd8+ Qxd8 23. Qxd8+ Bxd8 24. b3 Bc7 25. f4 Bb6+ 26. Kf1 {So,W (2799)-Mamedyarov,S (2809) Berlin 2018 ½-½ (41)}) ({RR} 11... Qb6 12. e4 c5 13. e5 Nd5 14. Bg5 Nb4 15. Qb1 Bxf3 16. dxc5 Nxc5 17. Bxe7 Bxd1 18. Qxd1 Rac8 19. Bxf8 Rxf8 20. Qd6 Nbd3 21. Qxb6 axb6 22. Nxb5 Nxb2 23. Rb1 Nbd3 24. Nd6 Rb8 25. Nc4 Na4 26. Bf1 {Xiao,Y (2372)-Song,Y (2454) Zhejiang CHN 2026 ½-½ (31)}) 12. Na4 Qa5 13. Ne1 $146 ({RR} 13. Bg5 c5 14. Bxf6 Nxf6 15. Nxc5 Bxf3 16. Nb3 Qb5 17. Bxf3 Rac8 18. Qd2 a5 19. Rac1 a4 20. Na1 Rxc1 21. Rxc1 Rd8 22. Bc6 Qb6 23. Bxa4 Rxd4 24. Rc8+ Bd8 25. Qc1 g6 26. Bc6 Kg7 27. Bf3 Qd6 {Bacrot,E (2723)-Vaisser,A (2522) Nice 2011 ½-½ (32)}) 13... Ba6 14. Nd3 Bxd3 15. Rxd3 Rac8 16. Be3 Nd5 17. Bd2 c5 18. dxc5 Nxc5 19. Nxc5 Bxc5 20. Qb3 Qb6 21. Be1 Nf6 22. h3 h6 23. Rad1 a5 24. a3 Rfd8 25. Rxd8+ Rxd8 26. Rc1 Qb5 27. Kf1 a4 28. Qc4 Qxc4 29. Rxc4 bxa3 30. bxa3 Bxa3 1/2-1/2

[Event "16th Teplice Open 2023"]
[Site "Teplice CZE"]
[Date "2023.06.17"]
[Round "8.2"]
[White "Svane, R."]
[Black "Sargsyan, Shant"]
[Result "1/2-1/2"]
[WhiteElo "2616"]
[BlackElo "2640"]
[PlyCount "60"]
[EventDate "2023.06.10"]

1. d4 d5 2. c4 e6 3. Nf3 Nf6 4. g3 Bb4+ 5. Bd2 a5 6. Bg2 O-O 7. Qc2 c5 8. cxd5 cxd4 9. Nxd4 Qb6 10. Nf3 exd5 11. O-O Nc6 12. Nc3 d4 13. Na4 Qb5 14. Qd3 Qxd3 15. exd3 Bf5 16. Bxb4 Nxb4 ({RR} 16... axb4 17. Nc5 Ra7 18. Nh4 Bd7 19. Rfc1 Rc8 20. Nxd7 Nxd7 21. Bxc6 Rxc6 22. Nf5 Rxc1+ 23. Rxc1 g6 24. Rc8+ Nf8 25. Nxd4 Rxa2 26. b3 Rd2 27. Rc4 Rxd3 28. Rxb4 Rd1+ 29. Kg2 Nd7 30. Kf3 b6 31. Ke2 {Efimov,L (2337)-Kobelev,A (2276) Sochi RUS 2026 ½-½ (33)}) 17. a3 Nxd3 18. Nxd4 Bd7 $146 ({RR} 18... Bg6 19. Bxb7 Rab8 20. Bg2 Nxb2 21. Nxb2 Rxb2 22. Nc6 Bd3 23. Rfd1 Be4 24. Rd4 Bxg2 25. Kxg2 h5 26. Re1 Ng4 27. Rf4 Ra2 28. a4 Rc2 29. Nxa5 Rb8 30. h3 Nf6 31. Re5 Rbb2 32. Nc4 Ra2 33. a5 {Rodshtein,M (2616)-Bronstein,O (2447) Israel ISR 2023 ½-½ (88)}) 19. b3 Bxa4 20. bxa4 Rad8 21. Nf5 g6 22. Ne3 Nc5 23. Rab1 Nxa4 24. Rxb7 Nc3 25. Ra7 a4 26. Bc6 Kg7 27. Kg2 Rc8 28. Ra6 Rfd8 29. Bxa4 Ra8 30. Rxa8 Rxa8 1/2-1/2

[Event "FIDE World Cup"]
[Site "Krasnaya Polyana"]
[Date "2021.07.15"]
[Round "2.1"]
[White "Predke, Alexandr"]
[Black "Durarbayli, Vasif"]
[Result "1/2-1/2"]
[WhiteElo "2683"]
[BlackElo "2625"]
[PlyCount "60"]
[EventDate "2021.07.12"]
[EventType "k.o."]
[EventRounds "8"]
[EventCountry "RUS"]
[SourceTitle "CBM 203"]
[Source "ChessBase"]
[SourceDate "2021.08.31"]
[SourceVersion "1"]
[SourceVersionDate "2021.08.31"]
[SourceQuality "1"]

1. d4 d5 2. c4 c6 3. Nf3 Nf6 4. e3 e6 5. b3 c5 6. Bb2 cxd4 7. Nxd4 Bb4+ 8. Nd2 O-O 9. a3 Be7 10. cxd5 ({RR} 10. Be2 b6 11. cxd5 Nxd5 12. O-O Bb7 13. Rc1 Nd7 14. b4 a5 15. b5 Nc5 16. Nc4 Qc7 17. Bf3 Rac8 18. Bxd5 Bxd5 19. Nf5 exf5 20. Qxd5 Nb3 21. Rc3 Bf6 22. Rxb3 Qxc4 23. Qxc4 Rxc4 24. Bxf6 gxf6 {Gupta,A (2511)-Sasikiran,K (2524) Guntur 2025 ½-½ (31)}) 10... Qxd5 $146 ({RR} 10... Nxd5 11. Qc2 Bd7 12. Bd3 h6 13. O-O Nc6 14. Nxc6 Bxc6 15. Rfd1 Bf6 16. Nc4 Bxb2 17. Qxb2 Qg5 18. g3 Rfd8 19. Rd2 Nf6 20. Rad1 Ne4 21. h4 Qh5 22. Bxe4 Qxd1+ 23. Rxd1 Rxd1+ 24. Kh2 Bxe4 25. g4 {Gunina,V (2525)-Zhukova,N (2448) Khanty-Mansiysk 2016 0-1 (71)}) 11. Qf3 Rd8 12. Rc1 e5 13. Qxd5 Nxd5 14. N4f3 f6 15. e4 Nb6 16. Nc4 N8d7 17. Nfd2 Nxc4 18. Bxc4+ Kf8 19. Ke2 Nb6 20. Bd3 Be6 21. Nc4 Nxc4 22. Bxc4 Kf7 23. Bxe6+ Kxe6 24. Rc7 Rac8 25. Rhc1 Rxc7 26. Rxc7 Rd7 27. Rc8 Rd8 28. Rc7 Rd7 29. Rc2 Bd6 30. a4 a6 1/2-1/2

[Event "Esports World Cup 2025"]
[Site "Riyadh KSA"]
[Date "2025.07.31"]
[Round "1.1"]
[White "Carlsen, M."]
[Black "Nihal, Sarin"]
[Result "1-0"]
[WhiteElo "2839"]
[BlackElo "2692"]
[PlyCount "59"]
[EventDate "2025.07.31"]
[EventType "k.o."]

1. d4 d5 2. c4 e6 3. Nf3 Nd7 4. cxd5 exd5 5. Nc3 c6 6. Bf4 Nb6 ({RR} 6... Ndf6 7. e3 Ne7 8. Bd3 Nf5 9. Qc2 Nd6 10. O-O Be7 11. Ne5 h6 12. b4 O-O 13. b5 cxb5 14. Nxb5 Nxb5 15. Bxb5 Be6 16. Bd3 Bd6 17. Rfb1 Qe7 18. Qb3 Rab8 19. Qa4 a6 20. Rb6 Bc7 21. Rb2 {Shurunov,A (2219)-Epishin,V (2544) St Petersburg 2011 1-0 (57)}) ({RR} 6... Ne7 7. e4 Ng6 8. Bd2 Nf6 9. exd5 Nxd5 10. Nxd5 Qxd5 11. Bd3 Qe6+ 12. Qe2 Qxe2+ 13. Bxe2 Be7 14. O-O O-O 15. b4 Bd7 16. Rab1 Bf5 17. Rb2 Bf6 18. Be3 Rfd8 19. Rd2 b6 20. b5 c5 21. dxc5 {Mena Nieto,C (1308)-Sequeda Hernandez,D Bucaramanga 2022 0-1 (43)}) 7. e3 Bf5 $146 ({RR} 7... Bd6 8. Bxd6 Qxd6 9. Qc2 Ne7 10. Bd3 g6 11. O-O O-O 12. Qd2 Kg7 13. e4 dxe4 14. Nxe4 Qd8 15. Rfe1 Nbd5 16. Bc4 h6 17. Ne5 Bf5 18. f3 b6 19. Rad1 Be6 20. Bb3 Qc7 21. Rc1 f6 22. Bxd5 {Vucicevic,M (2370)-Trifunovic,M (2330) Niksic 1996 ½-½ (33)}) 8. h3 Bd6 9. Bxd6 Qxd6 10. Nh4 Bg6 11. Nxg6 hxg6 12. Bd3 Nf6 13. Qc2 O-O-O 14. O-O-O Kb8 15. Kb1 Rde8 16. h4 Ng4 17. g3 Qe7 18. Rc1 Qf6 19. Qe2 Qe6 20. Qf3 Nf6 21. Rc2 Ka8 22. Rhc1 Ne4 23. Qd1 f5 24. a4 Nd7 25. a5 Nxc3+ 26. Rxc3 a6 27. Bxa6 bxa6 28. Rxc6 Qe4+ 29. Ka2 Nb8 30. Rc7 1-0

[Event "Olympiad-39"]
[Site "Khanty-Mansiysk"]
[Date "2010.09.22"]
[Round "2.1"]
[White "Granda Zuniga, Julio E"]
[Black "Nyback, Tomi"]
[Result "1/2-1/2"]
[WhiteElo "2636"]
[BlackElo "2635"]
[PlyCount "58"]
[EventDate "2010.09.21"]
[EventType "team-swiss"]
[EventRounds "11"]
[EventCountry "RUS"]
[SourceTitle "CBM 139"]
[Source "ChessBase"]
[SourceDate "2010.11.18"]
[SourceVersion "1"]
[SourceVersionDate "2010.11.18"]
[SourceQuality "1"]
[WhiteTeam "Peru"]
[BlackTeam "Finland"]
[WhiteTeamCountry "PER"]
[BlackTeamCountry "FIN"]

1. d4 d5 2. c4 c6 3. Nf3 e6 4. Nbd2 Nf6 5. g3 c5 6. Bg2 Nc6 7. O-O cxd4 8. cxd5 exd5 9. Nb3 Bd6 10. Nfxd4 $146 ({RR} 10. Nbxd4 O-O 11. b3 Bg4 12. Bb2 Rc8 13. e3 Re8 14. Rc1 Ne4 15. h3 Bd7 16. Nb5 Bf8 17. Nc3 Nxc3 18. Rxc3 Bf5 19. Nd4 Be4 20. Bxe4 Rxe4 21. Nf3 Rc7 22. Kg2 Rd7 23. Rc1 Re6 24. a3 a6 {Pacheco,M (2383)-Delchev,A (2596) Istanbul 2012 ½-½}) ({RR} 10. Nbxd4 O-O 11. b3 Re8 12. Bb2 a6 13. Rc1 Bd7 14. Qc2 Rc8 15. Qb1 Bg4 16. Qa1 Bf8 17. e3 Nxd4 18. Nxd4 Qd7 19. Rxc8 Rxc8 20. Rc1 Re8 21. Rc2 h5 22. h4 Bh3 23. Bxh3 Qxh3 24. Qf1 Qd7 {Druvesh Dondapati (2011)-Sidhant,M (2384) Guntur IND 2025 ½-½ (34)}) ({RR} 10. Nbxd4 O-O 11. b3 Re8 12. Bb2 Bg4 13. Rc1 Rc8 14. Qd3 Bb8 15. Rfd1 Qe7 16. Re1 Ne4 17. Nxc6 bxc6 18. Nd2 Nxd2 19. Qxd2 Bf5 20. Qc3 f6 21. e3 Bd6 22. Qd2 Bb4 23. Bc3 a5 24. Qd4 Red8 {Johannsson,B (2131)-Librelato,K (2255) Ceske Budejovice 2022 1-0 (86)}) 10... O-O 11. Nxc6 bxc6 12. Be3 Re8 13. Bd4 Ba6 14. Re1 Bb4 15. Bc3 Bxc3 16. bxc3 Qb6 17. Rb1 Rab8 18. Nd4 Qxb1 19. Qxb1 Rxb1 20. Rxb1 c5 21. Nb5 Rb8 22. a4 Bxb5 23. axb5 Kf8 24. h4 Rb6 25. Ra1 Rxb5 26. Bxd5 Nxd5 27. c4 Rb2 28. cxd5 Rxe2 29. Rc1 Ke7 1/2-1/2

[Event "ChessKid Play-In Match"]
[Site "chess.com INT"]
[Date "2023.05.01"]
[Round "1.3"]
[White "Anton Guijarro, D."]
[Black "Firouzja, Alireza"]
[Result "0-1"]
[WhiteElo "2690"]
[BlackElo "2785"]
[PlyCount "58"]
[EventDate "2023.05.01"]

1. Nf3 d5 2. c4 e6 3. g3 Nf6 4. Bg2 Be7 5. O-O O-O 6. b3 c5 7. cxd5 exd5 8. d4 Nc6 9. Bb2 Ne4 10. dxc5 Bxc5 11. Nc3 Nxc3 12. Bxc3 d4 13. Bb2 Re8 14. Rc1 Bb6 15. a3 ({RR} 15. Qd2 Bf5 16. Rfd1 Be4 17. Nxd4 Bxg2 18. Kxg2 Bxd4 19. Bxd4 Qd5+ 20. Kg1 Nxd4 21. Qxd4 Qxd4 22. Rxd4 Rxe2 23. Ra4 Kf8 24. Kf1 Re7 25. h4 h5 26. Rac4 g6 27. b4 Rd8 28. Rc8 Ke8 29. R1c7 Rxc8 {Nihal,S (2684)-Paravyan,D (2597) chess.com INT 2023 ½-½ (60)}) ({RR} 15. h3 Bf5 16. Nd2 Qd7 17. Kh2 Ne5 18. Nc4 Nxc4 19. Rxc4 Red8 20. Qd2 Be6 21. Rcc1 Qe7 22. Rfd1 Rd7 23. Qf4 Rad8 24. Rd2 Bd5 25. Rcd1 Bxg2 26. Kxg2 Qc5 27. Rc1 Qd5+ 28. Qf3 Qe6 29. Rc4 h6 {Lau,L (2220)-Vakhlamov,I (2413) chess.com INT 2026 1-0 (66)}) 15... a5 16. Qd3 $146 ({RR} 16. Rc2 Be6 17. Rd2 Qe7 18. a4 Qb4 19. Rd3 Rad8 20. Qa1 Qe7 21. Nxd4 Nxd4 22. Bxd4 Bxd4 23. Rxd4 Bxb3 24. Rb1 Qxe2 25. Bf1 Qe6 26. Re1 Qf6 27. Rxd8 Qxd8 28. Rb1 Bd5 29. Rd1 Qg5 30. Qd4 Bc6 {Ventura Bolet,M (2027)-Fernandez Diaz,C (2095) Barcelona 2013 ½-½ (56)}) 16... Bg4 17. Qb5 Na7 18. Qd3 Nc6 19. Rfe1 Qd7 20. Qb5 Ba7 21. Nd2 Re5 22. Qd3 Rae8 23. Bf3 Bf5 24. Qc4 h6 25. b4 axb4 26. axb4 Be6 27. Bxc6 bxc6 28. Qxc6 Qxc6 29. Rxc6 Bh3 0-1

[Event "Titled Tue 28th Mar Early"]
[Site "chess.com INT"]
[Date "2023.03.28"]
[Round "5"]
[White "Andreikin, D."]
[Black "Dardha, Daniel"]
[Result "1/2-1/2"]
[WhiteElo "2729"]
[BlackElo "2610"]
[PlyCount "58"]
[EventDate "2023.03.28"]

1. d4 Nf6 2. c4 e6 3. Nf3 d5 4. Bg5 Nbd7 5. e3 h6 6. Bh4 Be7 7. Nc3 c6 8. Rc1 Ne4 ({RR} 8... Bf8) ({RR} 8... a6 9. Bd3 b5 10. b3 bxc4 11. bxc4 dxc4 12. Bxc4 Nb6 13. Bd3 Bd7 14. O-O Nfd5 15. Bg3 Nxc3 16. Rxc3 Nd5 17. Rc1 Nb4 18. Bb1 O-O 19. Ne5 f6 20. Ng6 Rf7 21. Nxe7+ Qxe7 22. a3 Nd5 23. Qd3 {Molnar,J (1856)-Markot,D (1738) Nyiregyhaza HUN 2026 1-0 (44)}) 9. Bxe7 Qxe7 10. Qc2 Nxc3 $146 ({RR} 10... f5 11. Bd3 O-O 12. O-O g5 13. Nd2 Ndf6 14. f3 Nxd2 15. Qxd2 Bd7 16. e4 dxe4 17. fxe4 Qd6 18. Bb1 fxe4 19. Rxf6 Rxf6 20. Nxe4 Qf8 21. Nxf6+ Qxf6 22. Rf1 Qg7 23. c5 Be8 24. Re1 Bf7 25. Re5 {Wood,G-Golmayo de la Torriente,M Barcelona 1946 ½-½ (49)}) 11. Qxc3 O-O 12. Be2 Re8 13. O-O dxc4 14. Bxc4 e5 15. dxe5 Nxe5 16. Nxe5 Qxe5 17. Qxe5 Rxe5 18. Rfd1 Kf8 19. Rd8+ Re8 20. Rcd1 Bf5 21. Rxa8 Rxa8 22. e4 Bxe4 23. Rd7 Bd5 24. Bxd5 cxd5 25. Rxb7 Rc8 26. Kf1 Rc2 27. Rxa7 Rxb2 28. Rd7 Rxa2 29. Rxd5 Rb2 1/2-1/2

[Event "Valle d'Aosta op 10th"]
[Site "Saint Vincent"]
[Date "2002.02.13"]
[Round "5"]
[White "Gurevich, Mikhail"]
[Black "Malakhov, Vladimir"]
[Result "1-0"]
[WhiteElo "2641"]
[BlackElo "2647"]
[PlyCount "57"]
[EventDate "2002.02.09"]
[EventType "swiss"]
[EventRounds "9"]
[EventCountry "ITA"]
[SourceTitle "CBM 086 Extra"]
[Source "ChessBase"]
[SourceDate "2002.03.14"]
[SourceVersion "1"]
[SourceVersionDate "2002.03.14"]
[SourceQuality "1"]

1. d4 d5 2. c4 e6 3. Nf3 c6 4. Qc2 Nf6 5. Bg5 Nbd7 6. Nbd2 Be7 7. e3 O-O 8. Be2 ({RR} 8. Bd3 h6 9. Bf4 Nh5 10. Be5 Nxe5 11. Nxe5 Nf6 12. O-O Nd7 13. f4 Nxe5 14. fxe5 c5 15. Nf3 dxc4 16. Bxc4 b6 17. Qe4 Rb8 18. Bd3 g6 19. Qg4 Kg7 20. Rf2 Bb7 21. Raf1 cxd4 22. Nxd4 Qd5 {Andreikin,D (2710)-Rosen,E (2377) chess.com INT 2026 1-0 (32)}) 8... h6 9. Bh4 c5 10. cxd5 $146 ({RR} 10. O-O b6 11. Rad1 Bb7 12. cxd5 Nxd5 13. Bxe7 Qxe7 14. a3 cxd4 15. Nxd4 Rfc8 16. Qb1 Nc5 17. Bf3 Ba6 18. Be2 Bb7 19. N2f3 g6 20. e4 Nf4 21. e5 Nxe2+ 22. Nxe2 Bxf3 23. gxf3 Qg5+ 24. Ng3 Qxe5 {Jonsson,O (1847)-Catona,D Reykjavik 2022 ½-½ (42)}) ({RR} 10. O-O b6 11. Rad1 Bb7 12. cxd5 Nxd5 13. Bxe7 Qxe7 14. a3 cxd4 15. Nxd4 Rfc8 16. Qb1 Nc5 17. Bf3 Ba6 18. Be2 Bb7 19. N2f3 g6 20. e4 Nf4 21. e5 Nxe2+ 22. Nxe2 Bxf3 23. gxf3 Qg5+ 24. Ng3 Qxe5 {Jonsson,O (1847)-Catona,D Reykjavik 2022 ½-½ (42)}) 10... Nxd5 11. Bg3 b6 12. Rc1 Bb7 13. O-O a6 14. Nc4 Nb4 15. Qb1 Nf6 16. dxc5 Be4 17. Qa1 Bxc5 18. a3 a5 19. Rfd1 Nbd5 20. Nfd2 Bh7 21. Bf3 Nd7 22. Ne4 Ra7 23. Nc3 Nxc3 24. Rxc3 Qe7 25. Qc1 Nf6 26. Nxb6 Bxb6 27. Bd6 Nd5 28. Bxe7 Nxc3 29. Bxf8 1-0

[Event "POL-ch"]
[Site "Warsaw"]
[Date "2014.03.28"]
[Round "4"]
[White "Krasenkow, Michal"]
[Black "Gajewski, Grzegorz"]
[Result "0-1"]
[WhiteElo "2640"]
[BlackElo "2629"]
[PlyCount "58"]
[EventDate "2014.03.25"]
[EventType "swiss"]
[EventRounds "9"]
[EventCountry "POL"]
[SourceTitle "CBM 160"]
[Source "ChessBase"]
[SourceDate "2014.05.15"]
[SourceVersion "1"]
[SourceVersionDate "2014.05.15"]
[SourceQuality "1"]

1. Nf3 d5 2. d4 Nf6 3. c4 e6 4. Bg5 Bb4+ 5. Nbd2 dxc4 6. Qc2 b5 7. a4 c6 8. g3 ({RR} 8. e3 a6 9. Be2 Bb7 10. O-O Nbd7 11. b3 cxb3 12. Nxb3 O-O 13. Ne5 Qb6 14. a5 Qc7 15. Bxf6 Nxf6 16. Nd3 Bd6 17. f4 Nd7 18. Ndc5 Nxc5 19. Nxc5 Bxc5 20. Qxc5 Rfd8 21. Bf3 Rd6 22. Rfc1 Rad8 {Hoffman,A (2291)-Calcado,A (2122) Curitiba BRA 2026 1-0 (40)}) 8... Bb7 9. Bg2 Nbd7 10. Ne5 Qc8 $146 ({RR} 10... Qb6 11. O-O Nxe5 12. dxe5 Nd7 13. Ne4 Nxe5 14. a5 Qa6 15. Rfd1 f5 16. Nd6+ Bxd6 17. Rxd6 O-O 18. Rxe6 Rae8 19. Be7 Ng6 20. Bxf8 Rxe6 21. Bc5 Bc8 22. Qd2 Re8 23. Qd6 Ne7 24. Bf3 Kf7 25. Qc7 {Bykov,O (2383)-Kazakouski,V (2406) St Petersburg 2018 ½-½ (63)}) ({RR} 10... Qc7 11. Nxd7 Nxd7 12. O-O O-O 13. Bf4 Qb6 14. Ne4 c5 15. axb5 cxd4 16. Qxc4 a5 17. Bc7 Bd5 18. Qxb4 axb4 19. Bxb6 Nxb6 20. Nd2 Rab8 21. Rfc1 Rfd8 22. Rc7 h6 23. Nf3 Bxf3 24. Bxf3 Nc8 25. Rc4 {Galliamova,A (2498)-Kosintseva,T (2536) Nalchik 2011 ½-½ (41)}) 11. O-O O-O 12. b3 c5 13. Bxb7 Qxb7 14. bxc4 Bxd2 15. Bxd2 b4 16. Nxd7 Qxd7 17. dxc5 a5 18. Rfd1 Qc6 19. Be3 Ne4 20. Rd3 Rac8 21. Qd1 Nc3 22. Qd2 Qe4 23. Rd4 Qf5 24. f3 Qxc5 25. Kg2 Qc6 26. Bf4 e5 27. Rd6 Qxc4 28. Be3 b3 29. Rb6 Rfd8 0-1

[Event "Titled Tue 15th Oct Late"]
[Site "chess.com INT"]
[Date "2024.10.15"]
[Round "9"]
[White "Nihal, Sarin"]
[Black "Nakamura, Hi"]
[Result "1/2-1/2"]
[WhiteElo "2668"]
[BlackElo "2802"]
[PlyCount "57"]
[EventDate "2024.10.15"]

1. d4 d5 2. c4 e6 3. Nf3 a6 4. Nbd2 Nf6 5. g3 c5 6. Bg2 cxd4 ({RR} 6... Nc6 7. O-O cxd4 8. cxd5 Qxd5 9. Nb3 d3 10. e4 Qb5 11. Nbd4 Nxd4 12. Nxd4 Qd7 13. Be3 Bc5 14. Nf5 exf5 15. Bxc5 Nxe4 16. Re1 Qd5 17. Qa4+ b5 18. Bxe4 fxe4 19. Qxe4+ Qxe4 20. Rxe4+ Be6 21. Rd4 {So,W (2786)-Izoria,Z (2599) Saint Louis 2018 ½-½}) ({RR} 6... Nc6 7. cxd5 exd5 8. dxc5 Bxc5 9. O-O O-O 10. Nb3 Ba7 11. Nfd4 Re8 12. Bg5 h6 13. Bxf6 Qxf6 14. e3 Rd8 15. Rc1 Ne5 16. h3 Nc4 17. Qe2 b5 18. Rfd1 Bb7 19. Rc2 Bb6 20. Qf3 Qe5 21. Qf5 {Ambartsumova,K (2385)-Le Tuan Minh (2585) chess.com INT 2026 0-1 (60)}) 7. cxd5 Qxd5 8. O-O d3 $146 ({RR} 8... Nc6 9. Nb3 Qd8 10. Nfxd4 Bd7 11. Nxc6 Bxc6 12. Bxc6+ bxc6 13. Qc2 Rc8 14. Rd1 Qc7 15. Bf4 e5 16. Bg5 Be7 17. Nc5 O-O 18. Bxf6 Bxf6 19. Nd7 Rfe8 20. Nxf6+ gxf6 21. Qf5 Qe7 22. Qg4+ Kh8 23. Rac1 {Iskusnyh,S (2443)-Derige Kane,Y (2204) chess.com INT 2023 1-0 (54)}) 9. e4 Qd8 10. e5 Nd5 11. Ne4 Bd7 12. Bg5 Qb6 13. Qxd3 h6 14. Be3 Bb5 15. Qb3 Nxe3 16. fxe3 Nd7 17. Rfd1 Nc5 18. Nxc5 Bxc5 19. Nd4 O-O 20. a4 Bd7 21. Qxb6 Bxb6 22. Bxb7 Ra7 23. Be4 Rb8 24. a5 Bc7 25. Bc6 Bc8 26. Bf3 Bd7 27. Bc6 Bc8 28. Bf3 Bd7 29. Bc6 1/2-1/2

[Event "FIDE World Cup"]
[Site "Krasnaya Polyana"]
[Date "2021.07.17"]
[Round "2.4"]
[White "Indjic, Aleksandar"]
[Black "Salem, AR Saleh"]
[Result "0-1"]
[WhiteElo "2607"]
[BlackElo "2682"]
[PlyCount "56"]
[EventDate "2021.07.12"]
[EventType "k.o."]
[EventRounds "8"]
[EventCountry "RUS"]
[SourceTitle "CBM 203"]
[Source "ChessBase"]
[SourceDate "2021.08.31"]
[SourceVersion "1"]
[SourceVersionDate "2021.08.31"]
[SourceQuality "1"]

1. d4 d5 2. Nf3 e6 3. c4 Nf6 4. Bg5 Nbd7 5. Nbd2 ({RR} 5. cxd5 exd5 6. e3 h6 7. Bf4 Nh5 8. Be5 Nhf6 9. Nc3 c6 10. Bd3 Be7 11. Bg3 Nh5 12. O-O Nxg3 13. hxg3 O-O 14. Rb1 Bd6 15. b4 a6 16. a4 Nf6 17. b5 axb5 18. axb5 c5 19. dxc5 Bxc5 {Reinderman,D (2604)-Bok,B (2586) Amsterdam 2014 ½-½}) ({RR} 5. c5 c6 6. g3 h6 7. Bf4 b6 8. Bg2 bxc5 9. dxc5 Bxc5 10. O-O O-O 11. Nc3 Ba6 12. Re1 Ng4 13. e3 e5 14. Nd4 exd4 15. exd4 Nxf2 16. Kxf2 Be7 17. Kg1 Bf6 18. Qd2 Qb6 19. Be3 Rfe8 {Fernandez de la Hoz,A (1653)-Morell Rojas,S (1827) Las Palmas ESP 2026 0-1 (33)}) 5... Be7 6. Qc2 O-O 7. e3 b6 $146 ({RR} 7... h6 8. Bh4 c5 9. dxc5 Nxc5 10. Be2 b6 11. O-O Bb7 12. Rac1 Nfe4 13. Bxe7 Qxe7 14. b4 Nxd2 15. Nxd2 Nd7 16. Qb2 Rfc8 17. cxd5 Bxd5 18. e4 Bb7 19. a3 Qf6 20. Qxf6 Nxf6 21. f3 g5 22. Kf2 {Krysa,L (2531)-Schmakel,S (2435) Chess.com INT 2020 1-0 (54)}) 8. Bd3 h6 9. cxd5 Nxd5 10. Bxe7 Qxe7 11. Be4 Ba6 12. Bxd5 exd5 13. Qc6 Qe6 14. Qa4 Bd3 15. Qb3 Ba6 16. Qa3 Bb5 17. Qb3 Ba6 18. Rc1 c5 19. Rc3 Rfe8 20. Qa4 b5 21. Qa5 b4 22. Rc1 Rac8 23. Kd1 cxd4 24. Rxc8 Rxc8 25. Nxd4 Qg4+ 26. N4f3 Nc5 27. Rg1 Qg6 28. Ne5 Nd3 0-1

[Event "Leningrad"]
[Site "Leningrad"]
[Date "1987.??.??"]
[Round "?"]
[White "Andersson, Ulf"]
[Black "Jussupow, Artur"]
[Result "1-0"]
[WhiteElo "2600"]
[BlackElo "2645"]
[PlyCount "53"]
[EventDate "1987.05.27"]
[EventType "tourn"]
[EventRounds "13"]
[EventCountry "URS"]
[EventCategory "14"]
[SourceTitle "CBM 003"]
[Source "ChessBase"]
[SourceDate "1988.04.01"]
[SourceVersion "1"]
[SourceVersionDate "1988.04.01"]
[SourceQuality "1"]

1. Nf3 d5 2. d4 c6 3. c4 e6 4. Nbd2 f5 5. g3 Bd6 6. Bg2 Nd7 7. O-O Qf6 ({RR} 7... Nh6 8. Qc2 O-O 9. Nb3 Qf6 10. Bg5 Qg6 11. Qc1 Nf7 12. Bf4 Be7 13. c5 Qh5 14. Bc7 g5 15. Qc3 Nf6 16. Nc1 Ne8 17. Ba5 g4 18. Nd2 Qg6 19. Nd3 h5 20. Nb3 h4 21. Nf4 Qh6 22. Qd3 {Krishna,C (2440)-Indjic,A (2603) Dubai UAE 2024 0-1 (36)}) 8. Nb3 h6 $146 ({RR} 8... Ne7 9. Bg5 Qf7 10. cxd5 exd5 11. Bf4 Bxf4 12. gxf4 O-O 13. Nc1 Qh5 14. Nd3 Ng6 15. e3 Nh4 16. Nxh4 Qxh4 17. Qf3 Qe7 18. Kh1 Nf6 19. Rac1 Bd7 20. Qe2 Be8 21. Qe1 Bh5 22. a3 Ne4 23. Ne5 {Kabatianski,A (2445)-Bogdanovich,G (2380) Germany 1996 0-1 (39)}) 9. Bf4 Bxf4 10. gxf4 g5 11. Qd2 Ne7 12. fxg5 Qg7 13. cxd5 Nxd5 14. g6 b6 15. Kh1 Bb7 16. Nc1 Qxg6 17. Nd3 O-O-O 18. Rac1 Rhg8 19. Rg1 Qf6 20. b4 Kb8 21. a3 f4 22. Nfe5 c5 23. bxc5 Nxe5 24. dxe5 Qf5 25. c6 Rxg2 26. Rxg2 f3 27. Rg3 1-0